| 000 | 01863nam0a2200385 4500 | ||
|---|---|---|---|
| 001 | RU\NLR\bibl\1206753 | ||
| 005 | 20250615103329.0 | ||
| 010 |
_a978-5-7972-1116-7 _9100 |
||
| 021 |
_aRU _b2008-6491 _9348 |
||
| 035 | _a(nilc)EL/0000182910 | ||
| 035 | _aRUM0043492 | ||
| 035 | _a(NLR Aleph) 001193215 | ||
| 090 |
_a1730545 _c1730545 |
||
| 100 | _a20080305d2007 |||y0rusy50 ca | ||
| 101 | 0 | _arus | |
| 102 | _aRU | ||
| 105 | _aa j ||||| | ||
| 200 | 1 |
_aОрганизация производства на предприятиях пищевой промышленности _eучебно-практическое пособие _fИзмайлова М.М. _gФедер. агентство по образованию, Ростов. гос. экон. ун-т "РИНХ", Фил. в г. Георгиевске |
|
| 210 |
_aРостов-на-Дону _cРостовский государственный экономический университет "РИНХ" _d2007 |
||
| 215 |
_a135 с. _cтабл. _d20 |
||
| 320 | _aБиблиогр.: с. 135 (21 назв.) | ||
| 606 | 1 |
_aПищевая промышленность _jУчебные издания для высших учебных заведений _xОрганизация производства _92146425 _3RU\NLR\auth\661293109 |
|
| 610 | 0 |
_aпищевые предприятия _aорганизация производства _aучебные пособия |
|
| 675 |
_a664(075) _v4 |
||
| 686 |
_a71.33.11 _2rugasnti |
||
| 686 | _aУ30(2)67-801я73 | ||
| 700 | 1 |
_aИзмайлова _bМ. М. _gМарита Мардковна _4070 |
|
| 801 | 0 |
_aRU _bЦНСХБ РАСХН _c20080305 _gRCR |
|
| 801 | 1 |
_aRU _bЦНСХБ РАСХН _c20080326 |
|
| 801 | 2 |
_aRU _bNLR _c20080327 _grcr |
|
| 830 | _aавт. по кн. | ||
| 942 | _cBOOK | ||
| 980 | _aNB | ||